|
|
|
|
| LEADER |
00000cam a2200000 c 4500 |
| 001 |
118190255X |
| 003 |
DE-627 |
| 005 |
20240503195450.0 |
| 007 |
tu |
| 008 |
040617s2001 xx ||||| m 00| ||por c |
| 035 |
|
|
|a (DE-627)118190255X
|
| 035 |
|
|
|a (DE-576)11190255X
|
| 035 |
|
|
|a (DE-599)BSZ11190255X
|
| 035 |
|
|
|a (OCoLC)179850600
|
| 040 |
|
|
|a DE-627
|b ger
|c DE-627
|e rakwb
|
| 041 |
|
|
|a por
|
| 084 |
|
|
|a 1
|2 ssgn
|
| 100 |
1 |
|
|0 (DE-627)1257928015
|0 (DE-576)187928010
|4 aut
|a Mirândola, Décio Dias
|
| 109 |
|
|
|a Mirândola, Décio Dias
|a Dias Mirândola, Décio
|a Dias-Mirândola, Décio
|
| 245 |
1 |
2 |
|a O Deus criador
|b teologia da criação; ciência e cosmologia moderna na obra de Stanley L. Jaki
|c auctor Décio Dias Mirândola
|
| 264 |
|
1 |
|c 2001
|
| 300 |
|
|
|a 170 S.
|
| 336 |
|
|
|a Text
|b txt
|2 rdacontent
|
| 337 |
|
|
|a ohne Hilfsmittel zu benutzen
|b n
|2 rdamedia
|
| 338 |
|
|
|a Band
|b nc
|2 rdacarrier
|
| 500 |
|
|
|a Teilausg. der Diss
|
| 502 |
|
|
|a Vollst. zugl.: Roma, Pontificia Univ. Gregoriana, Diss., 2001
|
| 583 |
1 |
|
|a Archivierung prüfen
|c 20200919
|f DE-640
|z 1
|2 pdager
|
| 583 |
1 |
|
|a Archivierung/Langzeitarchivierung gewährleistet
|f SSG
|x XA-DE-BW
|2 pdager
|5 DE-21
|
| 655 |
|
7 |
|a Hochschulschrift
|0 (DE-588)4113937-9
|0 (DE-627)105825778
|0 (DE-576)209480580
|2 gnd-content
|
| 689 |
0 |
0 |
|d p
|0 (DE-588)119085720
|0 (DE-627)079878245
|0 (DE-576)211105406
|2 gnd
|a Jaki, Stanley L.
|d 1924-2009
|
| 689 |
0 |
1 |
|d s
|0 (DE-588)4114294-9
|0 (DE-627)105823236
|0 (DE-576)209483431
|2 gnd
|a Kosmologie
|
| 689 |
0 |
2 |
|d s
|0 (DE-588)4077150-7
|0 (DE-627)106080989
|0 (DE-576)209204176
|2 gnd
|a Schöpfungslehre
|
| 689 |
0 |
|
|5 (DE-627)
|
| 751 |
|
|
|a Rom
|0 (DE-588)4050471-2
|0 (DE-627)106181963
|0 (DE-576)20908751X
|4 uvp
|
| 935 |
|
|
|a mteo
|
| 951 |
|
|
|a BO
|
| ELC |
|
|
|b 1
|
| ITA |
|
|
|a 1
|t 1
|
| LOK |
|
|
|0 000 xxxxxcx a22 zn 4500
|
| LOK |
|
|
|0 001 2443535878
|
| LOK |
|
|
|0 003 DE-627
|
| LOK |
|
|
|0 004 118190255X
|
| LOK |
|
|
|0 005 20040617000000
|
| LOK |
|
|
|0 008 040617||||||||||||||||ger|||||||
|
| LOK |
|
|
|0 040
|a DE-21
|c DE-627
|d DE-21
|
| LOK |
|
|
|0 852
|a DE-21
|
| LOK |
|
|
|0 852 1
|c US 104.277
|9 00
|
| LOK |
|
|
|0 935
|a theo
|
| LOK |
|
|
|0 936ln
|a t5.1
|
| LOK |
|
|
|0 939
|a 17-06-04
|b l01
|
| ORI |
|
|
|a SA-MARC-ixtheoa001.raw
|
| STA |
0 |
0 |
|a Cosmology,Cosmology,Creation theology,Theology of creation
|
| STB |
0 |
0 |
|a Cosmologie,Cosmologie,Doctrine de la création
|
| STC |
0 |
0 |
|a Cosmología,Cosmología,Doctrina de la creación
|
| STD |
0 |
0 |
|a Cosmologia,Cosmologia,Dottrina della Creazione
|
| STE |
0 |
0 |
|a 创造神学,宇宙论,宇宙论,宇宙哲学,宇宙哲学
|
| STF |
0 |
0 |
|a 創造神學,宇宙論,宇宙論,宇宙哲學,宇宙哲學
|
| STG |
0 |
0 |
|a Cosmologia,Cosmologia,Doutrina da criação
|
| STH |
0 |
0 |
|a Космология (мотив),Космология,Учение о сотворении мира
|
| STI |
0 |
0 |
|a Δόγμα της δημιουργίας,Κοσμολογία (μοτίβο),Κοσμολογία
|
| SYG |
0 |
0 |
|a Jaki, Stanley,1924-2009,Jáki, Stanislas,1924-2009,Jáki, Szaniszló László,1924-2009 , Evolution,Weltall,Weltall,Weltall,Weltentstehung , Schöpfungstheologie
|